Statistiques concernant Harry Potter: l'Arithmancie

Cliquez ici pour prendre le quiz!

Statistiques générales

  • Ce quiz a été pris 44 fois
  • Le résultat moyen est 3 sur 5

Statistiques - réponses

InformationRéponses% Correct
Ecole dans laquelle elle est enseignéePoudlard
100%
Première mentionHarry Potter et la Chamre des Secrets
78%
Dernière mentionHarry Potter et le Prince de Sang Mêlé
78%
ProfesseurSeptima Vector
64%
LivreNumérologie et grammaire
19%

Distribution des résultats

Percentile par nombre de réponses

% des personnes avec chaque résultat

Votre développement - résultats

Vous n’avez pas pris ce quiz